Geography Quiz

Random Geography or World Quiz

'E' Countries on a Map Quiz Stats

 Plays Quiz Updated Jul 2, 2018

Score 0/8 Timer 01:00
17 Plays Today
% Correct
Egypt
95.2%
Ecuador
92.9%
Estonia
92.2%
Ethiopia
90%
El Salvador
82.9%
Eritrea
82.5%
Equatorial Guinea
69%
eSwatini
62.5%

You're not logged in!

Compare scores with friends on all Sporcle quizzes.
OR
Log In

You Might Also Like...

Show Comments

Extras

Top Quizzes Today


Score Distribution

Your Account Isn't Verified!

In order to create a playlist on Sporcle, you need to verify the email address you used during registration. Go to your Sporcle Settings to finish the process.

Report this User

Report this user for behavior that violates our Community Guidelines.

Details: